Compition success review CAT : (Record no. 136224)

MARC details
000 -LEADER
fixed length control field 00700nam a22001937a 4500
005 - DATE AND TIME OF LATEST TRANSACTION
control field 20170124110256.0
010 ## - LIBRARY OF CONGRESS CONTROL NUMBER
LC control number A-826968
035 ## - SYSTEM CONTROL NUMBER
System control number A-826968
037 ## - SOURCE OF ACQUISITION
Source of stock number/acquisition Cen Lib/Ret
040 ## - CATALOGING SOURCE
Original cataloging agency DPL
Language of cataloging EN
082 ## - DEWEY DECIMAL CLASSIFICATION NUMBER
Classification number 000
Item number COM
245 ## - TITLE STATEMENT
Title Compition success review CAT :
Remainder of title common admission test for post graduate and fellow programmes at the indian institutes of management Calcutta, Ahmedabad, Banglore and Lucknow /
260 ## - PUBLICATION, DISTRIBUTION, ETC. (IMPRINT)
Place of publication, distribution, etc New Delhi
Name of publisher, distributor, etc Sudha Publications Pvt. Ltd
270 ## - ADDRESS
Address 8/39 Kirti Nagar Industrial Area
City New Delhi
Postal code 110015
300 ## - PHYSICAL DESCRIPTION
Extent 196p ;
Dimensions 27cm(Hb)
650 ## - SUBJECT ADDED ENTRY--TOPICAL TERM
Topical term or geographic name as entry element Data Sufficiency
9 (RLIN) 42256
650 ## - SUBJECT ADDED ENTRY--TOPICAL TERM
Topical term or geographic name as entry element MBA entrance test
9 (RLIN) 42257
942 ## - ADDED ENTRY ELEMENTS (KOHA)
Source of classification or shelving scheme Dewey Decimal Classification
Koha item type English Books
Classification part 000
Call number suffix COM
Holdings
Withdrawn status Lost status Damaged status Not for loan Collection code Home library Current library Date acquired Source of acquisition Total Checkouts Full call number Barcode Date last seen Copy number Price effective from Koha item type
      Not For Loan Reference Central Library Central Library 02/01/2016 Cen Lib/Ret   000 COM A-826968 02/01/2016 1 02/01/2016 English Books

© Delhi Public Library
Hit Counter
free hit counter